Zufällig aufeinanderfolgende asiatische Länder auf einer Karte - Statistiken

Allgemein
  • Dieses Quiz wurde 39.895 mal gespielt
    33.069 seit der letzten Aktualisierung
  • Das Durchschnittsergebnis liegt bei 35 aus 48
Antworten auf der Karte
Die Antworten werden auf der Karte rot bzw. grün angezeigt, abhängig davon wie oft sie richtig erraten wurden.
 
Antwortstatistiken
Land % Korrekt
China
76%
Indien
76%
Japan
76%
Mongolei
76%
Indonesien
75%
Kasachstan
75%
Philippinen
75%
Sri Lanka
75%
Südkorea
75%
Thailand
75%
Türkei
75%
Vietnam
75%
Irak
74%
Iran
74%
Laos
74%
Myanmar
74%
Nepal
74%
Nordkorea
74%
Oman
74%
Pakistan
74%
Saudi-Arabien
74%
Taiwan
74%
Zypern
74%
Afghanistan
73%
Bangladesch
73%
Bhutan
73%
Georgien
73%
Israel
73%
Jemen
73%
Kambodscha
73%
Malaysia
73%
Malediven
73%
Singapur
73%
Syrien
73%
Usbekistan
73%
Armenien
72%
Aserbaidschan
72%
Jordanien
72%
Katar
72%
Kirgisistan
72%
Tadschikistan
72%
Turkmenistan
72%
Vereinigte Arabische Emirate
72%
Kuwait
71%
Libanon
71%
Osttimor
71%
Bahrain
70%
Brunei
70%
Keine übereinstimmenden Quizze gefunden
Verteilung der Resultate
Anzahl Personen mit jedem Resultat
Perzentil nach korrekt beantworteten Fragen
Ihre Resultats-Entwicklung
Sie haben dieses Quiz seit der letzten Aktualisierung nicht gespielt